00449cam a22001334a 4500020001500000082001000015100004000025245006800065260006500133300004400198504005400242650001600296710000300312 a9698938001 a954.61 aParācah, T̤āriq Faiz̤,d1935-10aKashmīr :bankahī kahānī /cT̤āriq Faiz̤ Parācah. a[Muzaffarabad, Azad Kashmir] :bMaktabah-yi Faiz̤,c[2001?] a25, 334 p. :bcol. ill., maps ;c25 cm. aIncludes bibliographical references (p. 325-334). 0aPostmasters2